The Least-Known Answer for the Top 100 Featured Quizzes - Statistics

General Stats
  • This quiz has been taken 28 times
  • The average score is 23 of 100
Answer Stats
Quiz Least-Known Answer(s) % Correct % Correct
Digits of Pi 1, 9, 7, 1, 6, 9, 3, 9, 9, 3, 7, 5, and 1 1%
88%
Countries of Europe Quiz San Marino, Kosovo, Montenegro, and Moldova 69%
81%
Fast Typing A to Z X and Z 67%
77%
Countries of the World with an Empty Map Nauru and São Tomé and Príncipe 55%
69%
12 Months in 15 Seconds December 22%
65%
Fast Typing 1 to 100 97 and 100 30%
62%
Countries of the World - One Minute Sprint Burkina Faso, Ivory Coast, Equatorial Guinea, Kyrgyzstan, Marshall Islands, Mauritius, Sierra Leone, Solomon Islands, Tajikistan, and Turkmenistan 1%
62%
Europe Map Quiz Montenegro 37%
62%
Countries of Europe - One Minute Sprint Montenegro 22%
62%
Countries that Start with S São Tomé and Príncipe and Sierra Leone 48%
58%
Countries of the World Quiz São Tomé and Príncipe 22%
54%
Countries of Africa São Tomé and Príncipe 55%
54%
Oceania Map Quiz Tuvalu 21%
54%
Flags of Europe Quiz Liechtenstein 43%
50%
Two Letter State Abbreviations Quiz WI and WY 4%
50%
US States Quiz Connecticut, Massachusetts, and Missouri 60%
46%
Countries of Oceania Nauru 72%
46%
US States by Borders in 30 Seconds Rhode Island 21%
46%
U.S. States by First Two Letters in 30 Seconds Rhode Island 16%
46%
Middle East Map Quiz Bahrain and Lebanon 68%
42%
All Country Flags of the World Guinea-Bissau, Bolivia, Solomon Islands, and Gambia 18%
42%
United States Map Quiz Missouri 39%
42%
Countries by Borders in 90 Seconds Brunei 17%
38%
East Asia Map Quiz Brunei 60%
38%
Countries by First Two Letters in 90 Seconds East Timor 7%
38%
Countries of Asia Quiz East Timor 58%
38%
Countries of North America Quiz Grenada 58%
38%
South America Map Quiz Guyana 52%
38%
Countries that Start with U Ukraine and United Arab Emirates 68%
38%
Countries that Starts with A Antigua and Barbuda 58%
35%
Island Countries Quiz Bahrain 40%
35%
Europe Capitals Quiz Chișinău and Podgorica 34%
35%
Countries that Start with E Equatorial Guinea 50%
31%
Africa Map Quiz Guinea 38%
31%
Country Flags Quiz #1 Iran 75%
31%
Countries that Start with L Lesotho 67%
31%
Countries that Start with M Marshall Islands 45%
31%
Planets of the Solar System Quiz Neptune 88%
31%
Countries that Start with N North Macedonia 51%
31%
Countries that Start with P Papua New Guinea and Philippines 64%
31%
Central America and Caribbean Map Quiz Costa Rica and Puerto Rico 66%
27%
Countries that Start with B Burkina Faso 48%
23%
Countries that Starts with C Cape Verde 49%
23%
Countries that Start with G Guinea-Bissau 60%
23%
World Capitals Quiz Ngerulmud 13%
19%
Fifty States in One Minute West Virginia 17%
19%
Countries that Start with I Ivory Coast 50%
15%
Asia Map Quiz Kyrgyzstan 45%
15%
Canada Map Quiz New Brunswick 55%
15%
Country Shape Quiz #1 Panama 40%
15%
Country Flags Quiz #2 Taiwan 49%
15%
Countries that Start with T Taiwan 59%
15%
Biggest Countries by Population Quiz Tanzania 27%
15%
Country Flags Quiz #3 Tanzania 36%
15%
Letters of the Greek Alphabet Quiz Xi and Upsilon 43%
15%
Biggest Countries by Area Quiz Peru 48%
12%
12 x 12 Multiplication Table in 2 Minutes 132 6%
8%
Mythical Creatures Quiz #1 Basilisk 35%
8%
Fruits by Picture Quince 10%
8%
U.S. Presidents Quiz Rutherford B. Hayes and Chester A. Arthur 38%
8%
Counties of England Quiz Rutland and Staffordshire 40%
8%
Countries in World War II Quiz South Africa 30%
8%
Biggest Cities in the United States Arlington 13%
4%
NFL Football Teams Quiz Buffalo Bills 71%
4%
NHL Hockey Teams Quiz Buffalo Sabres, Columbus Blue Jackets, and Nashville Predators 63%
4%
U.S. State Capitals Quiz Concord 42%
4%
UK Cities Map Quiz Douglas and Inverness 51%
4%
Biggest Cities in the World Quiz Hangzhou 14%
4%
All 1M Cities by Proximity Krasnoyarsk 12%
4%
40 Historical People that Everyone Should Know Laozi 13%
4%
NBA Basketball Teams Quiz Memphis Grizzlies 60%
4%
Asia Capitals Quiz Naypyidaw 35%
4%
General Knowledge Quiz #9 Netherlands 23%
4%
All Major North American Pro Sports Teams Seattle Kraken 52%
4%
Brand Logos Quiz #3 Barclays and Lufthansa 30%
0%
Biggest Cities in Europe Chelyabinsk 7%
0%
Africa Capitals Quiz Cotonou 23%
0%
General Knowledge Quiz #7 Dancing 10%
0%
NBA MVPs Quiz Dave Cowens 21%
0%
Top 100 Greatest NBA Players Dave DeBusschere and Billy Cunningham 6%
0%
Fast Typing Test - 100 WPM Challenge Dο nοt cοunt yοur chickens befοre they are hatched 5%
0%
Original 151 Pokémon Exeggcute and Exeggutor 20%
0%
Harry Potter Last Names Quiz Flitwick 46%
0%
Fresh Prince of Bel-Air Lyrics Quiz forget it 61%
0%
U.S. Baby Girl Names by Decade Gianna 10%
0%
Olympian Gods Quiz Juventas 3%
0%
Major League Baseball Teams (MLB) Kansas City Royals 67%
0%
Most Popular NBA Jerseys Quiz Kemba Walker and Kristaps Porzingis 15%
0%
Top World Languages Quiz Magahi 4%
0%
Countries by Languages in 90 Seconds Maldivian 1%
0%
Most Popular Fast Food Restaurants McAlister's Deli and Freddy's Frozen Custard& Steakburgers 4%
0%
Elements of the Periodic Table Quiz Meitnerium 15%
0%
2000s Catchphrases milkshake 15%
0%
Ultimate Harry Potter Name Game Mykew 5%
0%
100 Most Common English Words Quiz Only 9%
0%
Disney Animated Characters Roger Rabbit 50%
0%
Brand Logos Quiz #2 Skoda Auto 47%
0%
UEFA Champions League Winners Steaua Bucharest 26%
0%
NATO Military Alphabet Uniform 47%
0%
Brand Logos Quiz #1 Xerox 19%
0%
No matching quizzes found
Score Distribution
Percent of People with Each Score
Percentile by Number Answered
Your Score History
You have not taken this quiz